000 00702nam a2200217 a 4500
001 000046363
005 20240412074305.0
008 090706s2008 dr r 000 p spa d
020 _a9789945161793
040 _aDO-SdBNP
_bspa
_cBNPHU
082 _aRD861.44
_bC965po
100 1 _aCuevas, Julio,
_c1955-
_99459
245 1 0 _aPoemas de tierra adentro :
_bpoemas /
_cJulio Cuevas.
260 _aSanto Domingo :
_bDragón,
_c2008.
300 _a82 p. ;
_c20 cm.
500 _aIncluye datos biográficos del autor en la solapa de la cubierta
590 _aInventariado, 2018/YL
650 0 _aPoesía dominicana
_966
650 0 _aLiteratura dominicana.
_967
910 _aValidado. Control de calidad MFF
999 _c45852
_d45852